| 000 | 01642nam0a2200337 4500 | ||
|---|---|---|---|
| 001 | RU\NLR\BIBL_A\012142452 | ||
| 005 | 20221109130442.0 | ||
| 010 |
_a978-5-00111-554-0 _91200 |
||
| 021 |
_aRU _bКН-П-19-077569 _9КН-П-19-5620 |
||
| 035 | _a(NLR Aleph) 012142452 | ||
| 035 | _a(RuMoRGB)010122000 | ||
| 090 |
_a12104349 _c12104349 |
||
| 100 | _a20191119d2020 c y0rusy50 ca | ||
| 101 | 0 | _arus | |
| 102 | _aRU | ||
| 105 | _aa|||z|||000ay | ||
| 200 | 1 |
_aЛохматые истории _eрассказы о собаках _f[ред.-сост. Е. А. Ковалькова] |
|
| 210 |
_aМосква _cОлма _cАбрис _d2020 [т.е. 2019] |
||
| 215 |
_a254 с. _cцв. ил. _d27 |
||
| 225 | 1 | _aСерия "Мировая классика в иллюстрациях" | |
| 300 | _aФактическая дата выхода в свет - 2019 | ||
| 327 | 1 | _aСодерж.: авт.: Александр Куприн, Василий Немирович-Данченко, Иван Тургенев, Варвара Андреевская, Лидия Чарская, Мария Ергольская, Зинаида Журавская, Николай Рубакин, Анна Вадзинская, Всеволод Крестовский [и др.] | |
| 333 | _aДля детей старше 6 лет | ||
| 606 | 1 |
_aСобаки в детской литературе _2nlr_sh1 _2nlr_sh2 _3RU\NLR\AUTH\661035776 |
|
| 686 | 0 | _aШ9(0)62-4я43 | |
| 702 | 1 |
_aКовалькова _bЕ. А. _4340 |
|
| 942 | _cBOOK | ||
| 980 | _aNBR | ||
| 980 | _aNB | ||